| 000 | 01257nam a2200349 i 4500 | ||
|---|---|---|---|
| 001 | 55414 | ||
| 003 | KOSZ 005 | ||
| 005 | 20210917095340.0 | ||
| 008 | 080612s2008 pl a f |000 0 pol d | ||
| 020 | _a9788361352006 | ||
| 040 |
_cKOSZ 005 _aKOSZ 005 _dKOSZ 005/HR |
||
| 041 | 1 | _apol | |
| 044 | _aPOL | ||
| 080 | _a338.48-6:008 | ||
| 080 | _a(075.8) | ||
| 100 |
_aMikos von Rohrscheidt, Armin _d(1966- ) _eAutor |
||
| 245 |
_aTurystyka kulturowa : _bfenomen, potencjał, perspektywy : podręcznik akademicki / _cArmin Mikos von Rohrscheidt. |
||
| 260 |
_aGniezno : _bGnieźnieńska Wyższa Szkoła Humanistyczno-Menedżerskiej Milenium, _c2008. |
||
| 300 |
_a477 s. : _bil. ; _c24 cm. |
||
| 380 | _aKsiążki | ||
| 380 | _aPublikacje dydaktyczne | ||
| 380 | _aPublikacje naukowe | ||
| 385 |
_mPoziom nauczania _aSzkoły wyższe |
||
| 388 | _a2001- | ||
| 504 | _aBibliogr. s. 468-477. | ||
| 650 | 7 | _aTurystyka kulturowa | |
| 655 | 7 | _aPodręczniki akademickie | |
| 658 | _aGospodarka, ekonomia, finanse | ||
| 856 |
_uhttp://koha.tu.koszalin.pl/cgi-bin/koha/opac-detail.pl?biblionumber=55414 _yKatalog online BPK |
||
| 942 |
_cKS _2UKD |
||
| 999 |
_c55414 _d55414 |
||